KOHA-Header-6

Essentials of 16PF Assessment (Record no. 13679)

000 -LEADER
fixed length control field 00387nam a22001457a 4500
020 ## - INTERNATIONAL STANDARD BOOK NUMBER
ISBN 9780471234241
082 ## - DEWEY DECIMAL CLASSIFICATION NUMBER
Classification number 155.2
Item number CAT
100 ## - MAIN ENTRY--AUTHOR NAME
Personal name Cattell, Heather E.P.
245 ## - TITLE STATEMENT
Title Essentials of 16PF Assessment
260 ## - PUBLICATION, DISTRIBUTION, ETC. (IMPRINT)
Place of publication Canada
Name of publisher John Wiley &Sons
Year of publication 2003
300 ## - PHYSICAL DESCRIPTION
Number of Pages xii, 306 p.
650 ## - SUBJECT ADDED ENTRY--TOPICAL TERM
Topical Term Psychology, Personality Factor Questionnaire
700 ## - ADDED ENTRY--PERSONAL NAME
Personal name Schuerger, James M.
942 ## - ADDED ENTRY ELEMENTS (KOHA)
Koha item type Books
Holdings
Withdrawn status Lost status Collection code Permanent Location Current Location Shelving location Date acquired Full call number Accession Number Koha item type
    Psychology MAJU MAJU Shelf No.A35 2023-01-18 155.2 CAT 10776 Psychology

Powered by Koha